La Persona Jurd̕ica en el Proceso Penal (Aspectos civiles, europeos, penales y procesales)

Bibliographic Details
Main Author: Toro Peą, Juan Antonio
Format: eBook
Language:Spanish
Published: Madrid : Dykinson, 2012
Subjects:
Online Access:Acceso restringido

MARC

LEADER 00000nam a22000007a 4500
005 2013112707547.0
007 cr|||| ||||
008 131127s2012 sp |||||s|||| 00||0 spa d
020 |a 978-84-9031-452-4 
035 |a 11635 
040 |a vLex 
090 |c 4576  |d 4576 
100 1 |a Toro Peą, Juan Antonio 
245 1 3 |a La Persona Jurd̕ica en el Proceso Penal (Aspectos civiles, europeos, penales y procesales)  |h [Recurso electrn̤ico] /  |c Juan Antonio Toro Peą 
256 |a Servicio en ln̕ea 
260 |a Madrid :  |b Dykinson,  |c 2012 
300 |a 1 recurso electrn̤ico 
506 1 |a Contenido solo disponible en los productos indicados  |d vLex Global  |d vLex Global (Academic Edition, excluding Law Schools)  |d vLex Global (U.S. Academic Edition, Law Schools)  |d vLex Global (U.S. Academic Edition, excluding Law Schools)  |d vLex Global (Academic Edition, Law Schools) 
650 0 4 |a Derecho penal 
650 0 4 |a Persona Jurd̕ica 
740 0 |a vLex Libros (Servicio en ln̕ea) 
856 4 0 |u http://vlex.com/source/persona-juridica-proceso-penal-11635  |z Acceso restringido 
942 |c BOOK 
999 0 |a Criminal Law